Представление документа в формате RUSMARC

ПолеНазваниеЗначение
  Тип записи i
  Библиографический уровень m
001 Контрольный номер RU/IS/BASE/319722639
005 Дата корректировки 20201206204715.7
010 Индекс ISBN __
d Цена 128-00
101 Язык документа __
a Язык текста rus
c Язык оригинала fre
200 Заглавие и сведения об ответственности 1_
a Заглавие Немного солнца в холодной воде
e Сведения, относящиеся к заглавию [роман : аудиокнига]
f Первые сведения об ответственности Франсуаза Саган ; читает Светлана Кузьмина ; пер. с фр. Н. Немчиновой
b Общее обозначение материала Звукозапись
210 Выходные данные __
a Место издания М.
c Издательство АРДИС
d Дата издания 2008
215 Физическое описание __
a Объем 1 электрон. опт. диск (Audio CD) (6 ч. 03 мин.)
225 Серия __
a Серия XX век. Зарубежная проза
300 Общие примечания __
a Общие примечания AudioCD ; MPEG-I Layer-3 (mp3) ; 192 Kbps ; 16 bit ; 44.1 kHz ; Mono
323 Примечание о главных создателях, исполнителях, участниках __
a Примечание о главных создателях, исполнителях, участниках Кузьмина, С. (читает)
330 Аннотация __
a Аннотация На диске представлен роман, в котором есть все: интрига, страсть, депрессия и аффект. Непредсказуемые, чувственные герои живут по законам любви, противостоять которой невозможно...
333 Примечание о целевом назначении __
a Примечание о целевом назначении 16+. Для детей старше 16 лет
606 Тематические рубрики __
a Основная рубрика Художественная литература
z Хронологическая подрубрика 20 в.
y Географическая подрубрика Франция
606 Тематические рубрики __
a Основная рубрика Литература Европы (произведения)
610 Ключевые слова __
a Ключевые слова зарубежная литература; французская литература; романы; женская проза; тема любви; тема чувств; любовные романы; иностранная литература
686 Индексы других классификаций __
a Классификационный индекс 84(4Фра)-4я04
700 Автор _1
a Фамилия Саган
b Имя Ф.
f Даты 1935-2004
g Полное личное имя Франсуаза
4 Код отношения 070
702 Вторичная интеллектуальная ответственность _1
a Фамилия Немчинова
b Имя Н.
4 Код отношения Переводчик
801 Источник записи _0
a Страна RU
b Организация Муниципальное бюджетное учреждение культуры "Централизованная библиотечная система" г. Сургут (Центральная городская библиотека им. А. С. Пушкина)
g Правила каталогизации КиК/Поспелова
801 Источник записи _1
a Страна RU
b Организация Муниципальное бюджетное учреждение культуры "Централизованная библиотечная система" г. Сургут (Центральная городская библиотека им. А. С. Пушкина)
g Правила каталогизации КиК/Поспелова
852 Данные о местонахождении __
j Шифр хранения 84(4Фра)-4я04
c Каталожный индекс 84(4Фра)-4я04
i Авторский знак С 13
901 Тип документа __
t Тип документа 0
903 Характеристики (МАРС) __
a Дата передачи 20100224
969 Тип издания __
a Тип издания аудиокнига
990 Данные о заказе (DOS) __
j Количество экземпляров (DOS) 1
h N записи в КСУ для Б/У (DOS) 201003